<?xml version="1.0" encoding="UTF-8"?>
<record
    xmlns:xsi="http://www.w3.org/2001/XMLSchema-instance"
    xsi:schemaLocation="http://www.loc.gov/MARC21/slim http://www.loc.gov/standards/marcxml/schema/MARC21slim.xsd"
    xmlns="http://www.loc.gov/MARC21/slim">

  <leader>00808nam a22001937a 4500</leader>
  <controlfield tag="005">20180115110245.0</controlfield>
  <datafield tag="010" ind1=" " ind2=" ">
    <subfield code="a">UR-10021</subfield>
  </datafield>
  <datafield tag="020" ind1=" " ind2=" ">
    <subfield code="c">250.00</subfield>
    <subfield code="a">-</subfield>
  </datafield>
  <datafield tag="035" ind1=" " ind2=" ">
    <subfield code="a">U-8576</subfield>
  </datafield>
  <datafield tag="037" ind1=" " ind2=" ">
    <subfield code="b">DBAD/PUB</subfield>
  </datafield>
  <datafield tag="100" ind1=" " ind2=" ">
    <subfield code="a">&#x645;&#x62D;&#x645;&#x62F; &#x646;&#x635;&#x6CC;&#x631; &#x627; &#x644;&#x62F; &#x6CC;&#x646; &#x645;&#x646;&#x634;&#x627; &#x648; &#x6CC; </subfield>
  </datafield>
  <datafield tag="245" ind1=" " ind2=" ">
    <subfield code="a"> &#x633;&#x645;&#x646;&#x62F; &#x631; &#x6A9;&#x6CC; &#x6AF;&#x648; &#x62F; &#x645;&#x6CC;&#x6BA;                                                                               </subfield>
    <subfield code="c">&#x645;&#x62D;&#x645;&#x62F; &#x646;&#x635;&#x6CC;&#x631; &#x627; &#x644;&#x62F; &#x6CC;&#x646; &#x645;&#x646;&#x634;&#x627; &#x648; &#x6CC;</subfield>
  </datafield>
  <datafield tag="246" ind1=" " ind2=" ">
    <subfield code="b">Samandar Ki Goad Mein</subfield>
    <subfield code="a">by Mohd. Naseeruddin Minshavi</subfield>
  </datafield>
  <datafield tag="260" ind1=" " ind2=" ">
    <subfield code="a">Haiderabad</subfield>
    <subfield code="b">Sharfia Tajveed wa Qiryat,Hifz Acedemy &amp; Educational Institute</subfield>
    <subfield code="c">2015</subfield>
  </datafield>
  <datafield tag="270" ind1=" " ind2=" ">
    <subfield code="a">Near Masjid Noor,Qadeem Mulk Peeth,</subfield>
    <subfield code="b">Hyderabad</subfield>
    <subfield code="e">500036</subfield>
    <subfield code="k">9393072196</subfield>
    <subfield code="l">-</subfield>
  </datafield>
  <datafield tag="300" ind1=" " ind2=" ">
    <subfield code="a">113 &#x635;</subfield>
    <subfield code="c">22 Cm.(B.b)     </subfield>
  </datafield>
  <datafield tag="500" ind1=" " ind2=" ">
    <subfield code="a">&#x62F;&#x648; &#x62D;&#x635;&#x6C1;</subfield>
  </datafield>
  <datafield tag="942" ind1=" " ind2=" ">
    <subfield code="2">ddc</subfield>
    <subfield code="c">UR</subfield>
    <subfield code="h">270.91</subfield>
    <subfield code="m">&#x645; &#x62D; &#x645; </subfield>
  </datafield>
  <datafield tag="999" ind1=" " ind2=" ">
    <subfield code="c">149219</subfield>
    <subfield code="d">149219</subfield>
  </datafield>
  <datafield tag="952" ind1=" " ind2=" ">
    <subfield code="0">0</subfield>
    <subfield code="1">0</subfield>
    <subfield code="4">0</subfield>
    <subfield code="7">1</subfield>
    <subfield code="8">NFIC</subfield>
    <subfield code="a">DBAD</subfield>
    <subfield code="b">DBAD</subfield>
    <subfield code="d">2018-01-15</subfield>
    <subfield code="e">DBAD/PUB.</subfield>
    <subfield code="g">250.00</subfield>
    <subfield code="l">0</subfield>
    <subfield code="o">270.91 &#x645; &#x62D; &#x645;</subfield>
    <subfield code="p">U-8576</subfield>
    <subfield code="r">2018-01-15 00:00:00</subfield>
    <subfield code="t">1</subfield>
    <subfield code="v">250.00</subfield>
    <subfield code="w">2018-01-15</subfield>
    <subfield code="y">UR</subfield>
  </datafield>
</record>
